Rubber: Krishichelavu kurachu aadayakaramakkum. Interview with chairman (Record no. 51161)

MARC details
000 -LEADER
fixed length control field 00322nam a2200121Ia 4500
100 ## - MAIN ENTRY--AUTHOR NAME
Personal name Jacob J
245 #0 - TITLE STATEMENT
Title Rubber: Krishichelavu kurachu aadayakaramakkum. Interview with chairman
260 ## - PUBLICATION, DISTRIBUTION, ETC. (IMPRINT)
Name of publisher Karshakasree
Year of publication 2016
300 ## - PHYSICAL DESCRIPTION
Number of Pages 70-72
650 ## - SUBJECT ADDED ENTRY--TOPICAL TERM
Topical Term Interview
942 ## - ADDED ENTRY ELEMENTS (KOHA)
Koha item type Bibliography STAF
Holdings
Withdrawn status Lost status Damaged status Not for loan Home library Current library Shelving location Date acquired Serial Enumeration / chronology Koha item type
      Bibliography RRII Library RRII Library Rubber general 01/01/2021 Volume 22, Issue 7 Bibliography STAF